ՀՀ Գիտությունների ազգային ակադեմիայի հիմնարար գիտական գրադարան  =   Fundamental Scientific Library of NAS RA

Մի վէրք էլ․․․ ։ (Record no. 541469)

MARC details
000 -LEADER
fixed length control field 01807nam a2200217 a 4500
003 - CONTROL NUMBER IDENTIFIER
control field AM-YEHGA
005 - DATE AND TIME OF LATEST TRANSACTION
control field 20260309164104.0
008 - FIXED-LENGTH DATA ELEMENTS--GENERAL INFORMATION
fixed length control field 260210n00000000 |||gr|||| 00||1 arm d
040 ## - CATALOGING SOURCE
Original cataloging agency AM-YeHGA
041 0# - LANGUAGE CODE
Language code of text/sound track or separate title arm
001 - CONTROL NUMBER
control field 2048681
100 0# - MAIN ENTRY--PERSONAL NAME
Personal name Գալուստ
245 10 - TITLE STATEMENT
Title Մի վէրք էլ․․․ ։
Remainder of title (Պատմուածք) /
Statement of responsibility, etc. Գալուստ․
260 ## - PUBLICATION, DISTRIBUTION, ETC.
Place of publication, distribution, etc. Ա․ տ․ ։
Name of publisher, distributor, etc. Ա․ հ․,
Date of publication, distribution, etc. Ա․ թ․
300 ## - PHYSICAL DESCRIPTION
Extent (9 գիրք մեկ կազմի մեջ ) ; 42 էջ
490 0# - SERIES STATEMENT
Series statement «Պալքանեան մամուլ»ի Թերթօնը :
Volume/sequential designation 1
500 ## - GENERAL NOTE
General note Ալիգ 7
501 ## - WITH NOTE
With note Մեկ կազմի մեջ՝ Թագաւորին համար ։ միջադէպ մը պալքանեան պատերազմէն / Սէթ Գալէմճեան։ Սոֆիա։ Ա․ հ․։ 1941։ - Ալիգ 1 ; Սուլամիթ կամ Երուսաղէմի Սողոմոն թագաւորին սիրուհին / Ա․ տ․։ Ա․ հ․։ Ա․ թ։ - Ալիգ 2 ; Հրաշք ։ Աւանդական պատուածք / Գ․Յ․ Շամալեան։ Ա․ տ․։ Ա․ հ․։ Ա․ թ։ - Ալիգ 3 ; Ոսկի ապրջան ։ (Վէպ գործաւորի կեանքէ) / Արփիար Արփիարեան։ Ա․ տ․։ Ա․ հ․։ Ա․ թ։ - Ալիգ 4 ; Հոգու զաւակը / Արփիար Արփիարեան։ Ա․ տ․։ Ա․ հ․։ Ա․ թ։ - Ալիգ 5 ; Համբարձում աղա / Երուանդ Օտեան; Ալեքսանդրիա։ Ա․ հ․։ 1903։ - Ալիգ 6 ; Հացի գին ։ (Գաղթական հայուհիի կեամքէ) / Վառնա։ Ա․ հ․, 1898։ - Ալիգ 8 ; Քաղքըցի աղջիկ ։ (Բիւթնահայ գիւղական բարքեր) / Ա․ տ․։ Ա․ հ․։ Ա․ թ։ - Ալիգ 9
650 14 - SUBJECT ADDED ENTRY--TOPICAL TERM
Topical term or geographic name entry element Հայ գրականություն
General subdivision Պատմվածք
942 ## - ADDED ENTRY ELEMENTS (KOHA)
Source of classification or shelving scheme Universal Decimal Classification
Koha item type Գրքեր / Books

No items available.


ՀՀ ԳԱԱ հիմնարար գիտական գրադարան
ՀՀ,Երևան 0019
Մարշալ Բաղրամյան 24/6
հեռախոս:(374-10) 52-47-50
Հետադարձ կապ

All site content, except where otherwise noted, is licensed under a
Creative Commons License